000 00642nam a22002417a 4500
003 UA-OsUOA
001 130219
007 ta
008 20180416b un ||||| |||| 00| 0 ukr d
100 _aКрейн С.
090 _a821.161.2(73)
_bК79
942 _cBK
040 _aUA-OsUOA
_bukr
_cUA-OsUOA
_dUA-OsUOA
245 _aЧервоинй знак звитяги
_bроман
300 _a159 с.
955 _a3
041 _aukr
080 _a821.161.2(73)
020 _a978-617-07-0415-3
260 _aК.
_bЗнання
_c2016
650 7 _a82 Література. Літературознавство
_2UDC
999 _c418181
_d418181